Logo CIB grande

SUSTAINING DEVELOPMENT AND URBANIZATION FROM KNOWLEDGE TO ACTION (Registro nro. 234604)

Detalles MARC
000 -LEADER
campo de control de longitud fija 00593nam a2200229Ia 4500
005 - FECHA Y HORA DE LA ÚLTIMA TRANSACCIÓN
campo de control 20250425162710.0
008 - DATOS DE LONGITUD FIJA--INFORMACIÓN GENERAL
campo de control de longitud fija 250425s9999 xx 000 0 und d
020 ## - NÚMERO INTERNACIONAL ESTÁNDAR DEL LIBRO
Número Internacional Estándar del Libro 8400080106
041 ## - CÓDIGO DE IDIOMA
Código de lengua del texto/banda sonora o título independiente eng
082 ## - NÚMERO DE LA CLASIFICACIÓN DECIMAL DEWEY
Número de clasificación 711
010 ## - NÚMERO DE CONTROL DE LA BIBLIOTECA DEL CONGRESO
Número de control de LC 97393
100 ## - ENTRADA PRINCIPAL--NOMBRE DE PERSONA
Nombre de persona ALIQUE, ANGEL
245 #0 - MENCIÓN DEL TÍTULO
Título SUSTAINING DEVELOPMENT AND URBANIZATION FROM KNOWLEDGE TO ACTION
250 ## - MENCION DE EDICION
Mención de edición S.E
260 ## - PUBLICACIÓN, DISTRIBUCIÓN, ETC.
Lugar de publicación, distribución, etc. Estados Unidos
Nombre del editor, distribuidor, etc. ALCUE
Fecha de publicación, distribución, etc. 2002
260 ## - PUBLICACIÓN, DISTRIBUCIÓN, ETC.
Lugar de publicación, distribución, etc. NEW YORK
300 ## - DESCRIPCIÓN FÍSICA
Extensión 207
650 ## - PUNTO DE ACCESO ADICIONAL DE MATERIA--TÉRMINO DE MATERIA
Término de materia o nombre geográfico como elemento de entrada URBANIZACIONES CERRADAS
700 ## - ENTRADA AGREGADA--NOMBRE PERSONAL
Nombre de persona HABER GUERRA, RODOLFO ELIAS
700 ## - ENTRADA AGREGADA--NOMBRE PERSONAL
Nombre de persona PERES FERREIRA, CLODEINIR
942 ## - ELEMENTOS DE ENTRADA SECUNDARIOS (KOHA)
Tipo de ítem Koha Libros
Existencias
Estatus retirado Estado de pérdida Estado de daño No para préstamo Biblioteca de origen Biblioteca actual Fecha de adquisición Coste, precio normal de compra Total de préstamos Código de barras Copia número
        CENTRO NACIONAL DE INVESTIGACIONES MARINAS CENTRO NACIONAL DE INVESTIGACIONES MARINAS 15/03/2016 5.00   D-81870 1

Copyright 2025 ESPOL. Todos los derechos reservados.